BRICS Member Countries - Statistics

General Stats
  • This quiz has been taken 70,784 times
    36,317 since last reset
  • The average score is 7 of 10
Answer Stats
Joined Country % Correct
C original China
98%
I original India
98%
R original Russia
98%
B original Brazil
96%
S 2010 South Africa
86%
2024 Iran
65%
2024 Egypt
58%
2025 Indonesia
58%
2024 United Arab Emirates
41%
2024 Ethiopia
39%
No matching quizzes found
Score Distribution
Percent of People with Each Score
Percentile by Number Answered
Your Score History
You have not taken this quiz since the last reset